Conceptualización de Género/
No hace mucho tiempo se comenzó a utilizar en las Ciencias Sociales la categoría de género. Se señala que si "las características de género estuvieron marcadas por el sexo, las mujeres tendrían siempre las mismas características femeninas y los varones las mismas características masculinas y p...
Spremljeno u:
| Glavni autor: | |
|---|---|
| Autor kompanije: | |
| Format: | Izvještaj sastanka Knjiga |
| Jezik: | Spanish |
| Teme: | |
| Oznake: |
Dodaj oznaku
Bez oznaka, Budi prvi tko označuje ovaj zapis!
|
MARC
| LEADER | 00000nam a22000007a 4500 | ||
|---|---|---|---|
| 003 | cru CIDCACS/IIS | ||
| 005 | 20220304144651.0 | ||
| 007 | ta | ||
| 008 | 200902s1990 cr |||p|r||||||0| ||spa|d | ||
| 040 | |c cru CIDCACS/IIS | ||
| 100 | 1 | |9 9563 |a Navas, María Candelaria | |
| 245 | 1 | |a Conceptualización de Género/ |c María Candelaria Navas | |
| 300 | |a 7 páginas | ||
| 500 | |a Colección Centroamérica | ||
| 520 | |a No hace mucho tiempo se comenzó a utilizar en las Ciencias Sociales la categoría de género. Se señala que si "las características de género estuvieron marcadas por el sexo, las mujeres tendrían siempre las mismas características femeninas y los varones las mismas características masculinas y por otra parte estas características serían universales". Se establece entonces la dicotomía entre naturaleza y cultura, entre sexo y género, en donde éste último (sexo y género) no sólo se refiere a realidades distintas sino también opuestas, esta dicotomía resulta indispensable para comprender y transformar la situación de la mujer en la sociedad. Posteriormente, se sostiene que las normas sociales son la expresión de lo que se espera de una mujer o de un hombre y que entre más diferenciado sea el lugar que una mujer ocupe en la sociedad, mayor será la diversidad y especificidad de tales normas. De acuerdo al concepto de género que se maneja dentro de la sociedad, el ser hombre es superior a ser mujer, en donde ésta debe ser sumisa y respetar al hombre, o sea lo femenino se encuentra en desventaja social, económica, política e individual, el género femenino comparte cierto tipo de opresión y explotación que se convierte en la base de la unidad y la solidaridad entre las mujeres. En Centroamérica, las mujeres buscan alcanzar mediante la categoría de género un análisis integral de opresiones y subordinaciones que las mujeres comparten, éste deberá de considerar conjuntamente las desigualdades de clase y de género. OB/MR | ||
| 650 | 0 | |9 88 |a MUJERES | |
| 650 | 4 | |9 1968 |a DISCRIMINACION BASADA EN EL SEXO | |
| 650 | 0 | |9 3 |a MOVIMIENTOS SOCIALES | |
| 650 | 0 | |9 2137 |a ESTRUCTURA SOCIAL | |
| 650 | 4 | |9 1969 |a ORGANIZACIONES FEMENINAS | |
| 651 | 0 | |9 308 |a CENTROAMERICA | |
| 711 | 2 | |a Seminario Mujeres centroamericanas ante la crisis, la guerra y el proceso de paz. |c (San José, Costa Rica: |d 1990 abril 25-27) |e FLACSO. |9 9564 | |
| 773 | 0 | |0 18901 |9 4837 |a Universidad de Costa Rica. |d San José, Costa Rica CSUCA, 1986- |o MFN: 1169 |t Cuadernos de Investigación CSUCA / | |
| 942 | |2 ddc |c PP | ||
| 999 | |c 43344 |d 43344 | ||
